Il mal francese /

Uloženo v:
Podrobná bibliografie
Hlavní autor: Quétel, Claude (Autor)
Médium: Kniha
Jazyk:italština
Vydáno: Milano : Il saggiatore, [1993]
Edice:La cultura ; 492
Témata:
Tagy: Přidat tag
Žádné tagy, Buďte první, kdo vytvoří štítek k tomuto záznamu!

MARC

LEADER 00000nam a22000007i 4500
001 IT\ICCU\LO1\0305378
003 ItRI
005 20260115231910.0
008 930520s1993 it |||||| ||||| |||||c
020 |a 8842801208 
040 |b ita  |c importazione bologna sebina 
041 7 |a ita  |2 ISO-639-2 
082 |a 614.5472  |9 INCIDENZA, DISTRIBUZIONE, CONTROLLO DELLA SIFILIDE  |2 20 
100 1 |a Quétel, Claude  |0 IT\ICCU\CFIV\042351  |4 aut 
240 1 3 |a Le mal de Naples  |3 IT\ICCU\LO1\0305381  |9 Quétel, Claude 
245 1 3 |a Il mal francese /  |c Claude Quetel. 
260 |a Milano :  |b Il saggiatore,  |c [1993] 
300 |a 335 p. :  |b ill. ;  |c 22 cm 
650 7 |a Sifilide 
830 3 |a La cultura ;  |v 492  |0 IT\ICCU\CFI\0001384 
942 |2 ddc  |c BK  |n 0 
952 |0 0  |1 0  |4 0  |6 DOC_614_547000000000000_QUE  |7 0  |9 15775  |a BO  |b BO  |d 2026-01-15  |i 19668  |l 0  |o DOC 614.547 QUE  |p BO19668  |r 2026-01-15 23:19:10  |w 2026-01-15  |x [Sebina 5] [1 v.]  |y BK  |z 1 v. 
952 |0 0  |1 0  |4 0  |6 DOC_614_547000000000000_QUE  |7 0  |9 15776  |a BO  |b BO  |d 2026-01-15  |i 5524  |l 0  |o DOC 614.547 QUE  |p BO5524  |r 2026-01-15 23:19:10  |w 2026-01-15  |x [Sebina 6] [1 v.]  |y BK  |z 1 v. 
999 |c 13572  |d 13572